000 005230000a22001690004500
041 0 _aSPA
082 0 4 _aG 301 S5552e
100 1 _aShields, James J.
245 1 0 _aLa educación en el desarrollo de la comunidad : Su función en la asistencia técnica / James J. Shields ; Leticia Halperin Donghi, Traductor
260 _aBuenos Aires : Paidós
300 _a165 Pág.
001 14315
942 _cBK
999 _c43199
_d43199
336 _atexto
_btxt
_2rdacontent
337 _2rdamedia
_asin mediación
_bn
338 _2rdacarrier
_avolumen
_bnc